000 00269nam a2200121Ia 4500
100 _aNone
650 _aGeneral
942 _cBK
654 _aOpen Access II
245 _aOpen Access II
260 _bSoft ware Product International
_aMunich
_c1986
546 _aENGLISH
999 _c30202
_d30202